000 01289 a2200277 4500
001 32094
005 20260407155622.0
008 260407a1998 arg spa d
003 AR-UNSa-BCEJYS
040 _aAR-UNSa-BCEJYS
_bspa
_cAR-UNSa-BCEJYS
080 _a658.01
_xMetodología. Teoría y práctica de la organización( teoria de la organización, análisis organizacional...)
245 1 0 _aQué es administración
020 _a950-537-421-6
264 1 _aBuenos Aires :
_bEdiciones Macchi
_c1998
300 _a393 p.
_c23 cm.
505 _a1. Conociendo a la administración, a las organizaciones y a la adminsitración de organizaciones - 2.Evolución del pensamiento de administración - 3. Diseño de estrategia organizacional - 4. Estructura de la organización (estudio de las formas que adoptan las organizaciones para la articulación del valor agregado)- 5. Procesos administrativo - 6. Especificidades y demanadas al conocimiento administrativo contemporaneo.
942 _cBK
590 _aniveau_biblio:m niveau_hierar:0
100 1 _aGeli, Alejandro César
700 1 _aLarocca, Héctor A.
700 1 _aBarcos, Santiago J.
700 1 _aNarvaez, Jorge L.
700 1 _aFainstein, Héctor N.
700 1 _aFranco, Jorge A.
700 1 _aNuñez, Graciela A.
999 _c2248
_d2248